00645nam a22001937a 450000500170000001000150001702000260003203500140005803700130007208200110008510000180009624501670011426000400028127000390032130000250036050500260038570000200041170000200043120171123113106.0 aENG-121570 a9789325984370c280.00 aEN-105102 bDBAD/PUB a005.74 aHamdare, Safa aDatabase management system :b(as per iv semester computer engineering syllabus of University of Mumbai ) /c by Safa Hamdare, Bhavesh Pandya [and] Asim Kumar Sen aNoidabVikas Publishing Housec2015 aE-28, Sector-8,bNoida(up)e201301 axiv,306p.c25cm(pbk) aSubject code : cec404 aPandya, Bhavesh aSen, Asim Kumar